000 01001cam a22003018i 4500
001 kttzfxm1hnmdzvcl
003 LIBRIS
005 20220824105301.0
008 181003s2018 xx |||||||||||000 0|eng|d
020 _a9781847924872
_qinbunden
035 _a(BOKR)9781847924872
040 _aLCC
_erda
_cGSU
_dGSU
_beng
041 _aeng
050 _aJV6565
100 1 _a CantĂș, Francisco (Essayist).
_4aut
_eauthor
245 1 0 _aThe line becomes a river : dispatches from the border
_cCantĂș, Francisco (Essayist).
263 _a201803
264 1 _bVintage Publishing,
_c2018
300 _a256 pages
_c14.6 cm
336 _btxt
_2rdacontent
_atext
337 _bn
_2rdamedia
_aunmediated
338 _bnc
_2rdacarrier
_avolume
340 _b14.6 cm
650 _athe lines become a river
655 4 _0https://id.kb.se/marc/NotFictionNotFurtherSpecified
887 _a{"@id":"kttzfxm1hnmdzvcl","modified":"2018-10-03T09:53:55.122+02:00","checksum":"28450561142"}
_2librisxl
942 _2lcc
_cBK
_n0
999 _c1279
_d1279